000 00508nam a2200193Ia 4500
003 OSt
005 20250122092252.0
008 210716s1991 xx 000 0 und d
020 _a0671751727
040 _cAIMIT LIBRARY
041 _aeng
082 _a808.83
_21
_bPETR
100 _aPeters, Ralph.
_9194420
245 _aWar in 2020 /
_cBy Ralph Peters.
250 _a1st ed.
260 _aNew York :
_bPocket Books ;
_c1991.
300 _a607p. ;
_bPB
_c17 cm.
942 _2ddc
_cBK
_e1st ed.
_k808.83 PETR
999 _c199902
_d199902